[Event "PRO League Group Stage"]
[Site "chess.com INT"]
[Date "2018.03.07"]
[Round "9"]
[White "Saric, Ivan"]
[Black "Nyzhnyk, Illya"]
[Result "0-1"]
[WhiteTitle "GM"]
[BlackTitle "GM"]
[WhiteElo "2664"]
[BlackElo "2599"]
[WhiteTeam "Montreal Chessbrahs"]
[BlackTeam "Webster Windmills"]
[WhiteFideId "14508150"]
[BlackFideId "14118084"]
[EventDate "2018.01.18"]

1. e4 e6 2. d4 d5 3. Nc3 Nf6 4. Bg5 dxe4 5. Nxe4 Be7 6. Bxf6 Bxf6 7. Nf3 Bd7 8.
Bd3 Bc6 9. c3 Bxe4 10. Bxe4 c6 11. Qc2 g6 12. h4 Nd7 13. h5 Qe7 14. O-O-O O-O-O
15. Kb1 Bg7 16. h6 Bf6 17. c4 Kb8 18. Rhe1 Rhe8 19. Re3 Bh8 20. Rb3 Rc8 21. Ra3
f5 22. Qa4 a6 23. Bc2 c5 24. d5 exd5 25. cxd5 Qf6 26. Qf4+ Ka8 27. Rc3 c4 28. d6
Rc6 29. Ba4 Rb6 30. Rd4 Re2 31. Bxd7 Rbxb2+ 32. Kc1 Rxa2 33. Kd1 Rxf2 34. Ke1
Qd8 35. Be6 Rae2+ 36. Kd1 Rxe6 37. Rcxc4 Bxd4 38. Rxd4 Qa5 39. d7 Qa1+ 0-1

[Event "PRO League Group Stage"]
[Site "chess.com INT"]
[Date "2018.03.07"]
[Round "9"]
[White "Kukk, Sander"]
[Black "Carlsen, Magnus"]
[Result "0-1"]
[BlackTitle "GM"]
[WhiteElo "2178"]
[BlackElo "2834"]
[WhiteTeam "Estonia Horses"]
[BlackTeam "Norway Gnomes"]
[WhiteFideId "4502094"]
[BlackFideId "1503014"]
[EventDate "2018.01.18"]

1. b3 a5 2. a4 e5 3. Bb2 f6 4. e3 d5 5. d3 Nc6 6. Nf3 Be6 7. Be2 Nh6 8. O-O Be7
9. e4 d4 10. Bc1 Nf7 11. Nh4 Qd7 12. Nf5 Bf8 13. f4 g6 14. Ng3 exf4 15. Bxf4 h5
16. Na3 Bxa3 17. Rxa3 O-O-O 18. Ra1 h4 19. Nh1 g5 20. Bd2 Rh6 21. Nf2 Nfe5 22.
h3 b6 23. Kh2 Kb7 24. Ng4 Nxg4+ 25. Bxg4 Bxg4 26. Qxg4 Qxg4 27. hxg4 h3 28. gxh3
Rdh8 29. Rf3 Ne5 30. Rg3 Nxg4+ 31. Kg2 Ne5 32. Rf1 Kc6 33. Rf5 Kd6 34. c3 c5 35.
cxd4 cxd4 36. Bc1 Ke6 37. Bb2 Rd8 38. Rf2 Rh7 39. Rc2 Rb7 40. Kf2 b5 41. Ke2
bxa4 42. bxa4 Rb4 43. h4 Rh8 44. hxg5 Rh2+ 45. Kd1 Rxb2 0-1

[Event "PRO League Group Stage"]
[Site "chess.com INT"]
[Date "2018.03.07"]
[Round "9"]
[White "Kukk, Sander"]
[Black "Abdrlauf, Elham"]
[Result "1-0"]
[WhiteElo "2178"]
[BlackElo "2073"]
[WhiteTeam "Estonia Horses"]
[BlackTeam "Norway Gnomes"]
[WhiteFideId "4502094"]
[BlackFideId "1533533"]
[EventDate "2018.01.18"]

1. b3 d5 2. e3 Nf6 3. Bb2 g6 4. Nf3 Bg7 5. d4 O-O 6. Nbd2 Bf5 7. Be2 c6 8. O-O
Nbd7 9. c4 Re8 10. Rc1 Ne4 11. Nxe4 dxe4 12. Nd2 e5 13. d5 cxd5 14. cxd5 Nf6 15.
g4 Nxg4 16. Bxg4 Qg5 17. h3 h5 18. Kh2 hxg4 19. Rg1 Qh4 20. Rg3 Bh6 21. Nc4 Rad8
22. Nxe5 Bg7 23. Nc4 Bxb2 24. Nxb2 gxh3 25. Rc4 Qf6 26. Rd4 b5 27. Qd2 Re5 28.
Nd1 Qd6 29. Nc3 b4 30. Nb5 Qc5 31. Qxb4 Qxb4 32. Rxb4 Rexd5 33. Nd4 Rc8 34. Rg1
a5 35. Rb7 Rc3 36. a4 Rd3 37. Rc1 R5xd4 38. exd4 Rxd4 39. Rc3 Rd2 40. Kg3 h2 41.
Kxh2 Rxf2+ 42. Kg3 Rb2 43. Rb5 Be6 44. Rxa5 Rxb3 45. Rxb3 Bxb3 46. Ra8+ Kg7 47.
a5 f5 48. a6 Bd5 49. Rd8 Bc6 50. a7 Kf6 51. Rd6+ Ke5 52. Rxc6 f4+ 53. Kg4 1-0

[Event "PRO League Group Stage"]
[Site "chess.com INT"]
[Date "2018.03.07"]
[Round "9"]
[White "Barseghyan, Harutyun"]
[Black "Orndahl, Markus"]
[Result "1-0"]
[WhiteElo "2467"]
[BlackElo "2186"]
[WhiteTeam "Cannes Blockbusters"]
[BlackTeam "Stockholm Snowballs"]
[WhiteFideId "13304585"]
[BlackFideId "1709135"]
[EventDate "2018.01.18"]

1. d4 d5 2. Bf4 Nf6 3. e3 g6 4. Nf3 Bg7 5. Be2 O-O 6. h3 Ne4 7. Nbd2 c5 8. c3
Nc6 9. O-O Re8 10. Bh2 Nxd2 11. Qxd2 cxd4 12. exd4 Bf5 13. Rfe1 Qb6 14. Nh4 Bd7
15. Bd3 e5 16. dxe5 Nxe5 17. Bxe5 Bxe5 18. Nf3 Bf6 19. Rad1 Rxe1+ 20. Rxe1 Re8
21. Rxe8+ Bxe8 22. Bb1 Bc6 23. a3 Kg7 24. Ba2 Qc5 25. Nd4 h6 26. g3 Bd7 27. Kg2
Qc8 28. h4 Bh3+ 29. Kh2 Be6 30. Qd3 Qe8 31. h5 Bg4 32. hxg6 fxg6 33. Bxd5 Qe1
34. Kg2 b6 35. Bf3 Bd7 36. Nc2 Qe6 37. Ne3 h5 38. Qd5 Qh3+ 39. Kg1 h4 40. g4 Be8
41. Bg2 1-0

[Event "PRO League Group Stage"]
[Site "chess.com INT"]
[Date "2018.03.07"]
[Round "9"]
[White "Barseghyan, Harutyun"]
[Black "Meier, Georg"]
[Result "0-1"]
[BlackTitle "GM"]
[WhiteElo "2467"]
[BlackElo "2647"]
[WhiteTeam "Cannes Blockbusters"]
[BlackTeam "Stockholm Snowballs"]
[WhiteFideId "13304585"]
[BlackFideId "4675789"]
[EventDate "2018.01.18"]

1. d4 e6 2. Nf3 Nf6 3. Bf4 Be7 4. e3 Nh5 5. Bd3 b6 6. Be5 d6 7. Bg3 Bb7 8. Nbd2
Nd7 9. c3 g6 10. Qe2 a6 11. a4 O-O 12. Be4 c6 13. Bc2 Kg7 14. Nc4 Nxg3 15. hxg3
b5 16. Ncd2 h5 17. Bd3 e5 18. b4 Qc7 19. O-O Nb6 20. axb5 axb5 21. Nb3 Nd5 22.
Qb2 Nf6 23. Nfd2 Rh8 24. Rxa8 Bxa8 25. f4 Ng4 26. Re1 h4 27. gxh4 Bxh4 28. Re2
Bg3 29. Nf1 exf4 30. exf4 Bxf4 31. g3 Bg5 32. Be4 Bb7 33. Bf3 Bc8 34. Qc2 d5 35.
Nc5 Rh3 36. Qd1 Rxg3+ 37. Nxg3 Qxg3+ 38. Rg2 Be3+ 39. Kf1 Nh2+ 0-1

[Event "PRO League Group Stage"]
[Site "chess.com INT"]
[Date "2018.03.07"]
[Round "9"]
[White "Hemant, Sharma2"]
[Black "Andreikin, Dmitry"]
[Result "1/2-1/2"]
[WhiteTitle "IM"]
[BlackTitle "GM"]
[WhiteElo "2348"]
[BlackElo "2712"]
[WhiteTeam "Delhi Dynamite"]
[BlackTeam "Volga Stormbringers"]
[WhiteFideId "5025842"]
[BlackFideId "4158814"]
[EventDate "2018.01.18"]

1. c4 e5 2. g3 g6 3. Bg2 Bg7 4. Nc3 Ne7 5. d3 O-O 6. e4 d6 7. Nge2 c6 8. O-O a6
9. Be3 b5 10. b3 Be6 11. Qd2 Nd7 12. Bh6 Bxh6 13. Qxh6 Nc5 14. Qe3 Qa5 15. cxb5
axb5 16. d4 Nxb3 17. axb3 Qxa1 18. dxe5 Qa7 19. Qxa7 Rxa7 20. exd6 Nc8 21. e5 b4
22. Ne4 Ra5 23. Nd4 Rxe5 24. Nxc6 Rxe4 25. Bxe4 Nxd6 26. Bg2 Bxb3 27. Nxb4 Nf5
28. Bd5 Bxd5 29. Nxd5 Rd8 30. Rd1 Kg7 31. Ne3 Nd4 32. Kg2 h5 33. Nc2 Ne6 34.
Rxd8 Nxd8 35. Nd4 Kf6 36. Kf3 Ke5 37. Ke3 f6 38. Nf3+ Ke6 39. Nd4+ Kd5 40. Ne2
Ne6 41. Nc3+ Ke5 42. h4 g5 43. hxg5 fxg5 44. f4+ gxf4+ 45. gxf4+ Nxf4 46. Ne2
Ng6 47. Kf3 Nh4+ 48. Kg3 Nf5+ 49. Kh3 Ng3 50. Nxg3 h4 51. Kxh4 1/2-1/2

[Event "PRO League Group Stage"]
[Site "chess.com INT"]
[Date "2018.03.07"]
[Round "9"]
[White "Hemant, Sharma2"]
[Black "Ivlev, Aleksey"]
[Result "0-1"]
[WhiteTitle "IM"]
[BlackTitle "FM"]
[WhiteElo "2348"]
[BlackElo "2300"]
[WhiteTeam "Delhi Dynamite"]
[BlackTeam "Volga Stormbringers"]
[WhiteFideId "5025842"]
[BlackFideId "24185949"]
[EventDate "2018.01.18"]

1. c4 c6 2. e4 d5 3. exd5 cxd5 4. d4 Nf6 5. Nc3 g6 6. Bg5 Bg7 7. Nf3 Bg4 8. h3
Bxf3 9. Qxf3 O-O 10. cxd5 Nbd7 11. Bc4 Qb6 12. Bb3 Qxd4 13. Be3 Qb4 14. O-O Nc5
15. Bxc5 Qxc5 16. d6 Qxd6 17. Qxb7 e6 18. Rad1 Qf4 19. Rfe1 a5 20. Ne2 Qh4 21.
Nd4 a4 22. Bxe6 fxe6 23. Nxe6 Nh5 24. Nxf8 Rxf8 25. Rd2 Nf4 26. Qe4 Nxh3+ 27.
gxh3 Qg5+ 0-1

[Event "PRO League Group Stage"]
[Site "chess.com INT"]
[Date "2018.03.07"]
[Round "9"]
[White "Zwardon, Vojtech"]
[Black "Urkedal, Frode"]
[Result "0-1"]
[WhiteTitle "IM"]
[BlackTitle "GM"]
[WhiteElo "2412"]
[BlackElo "2572"]
[WhiteTeam "Riga Magicians"]
[BlackTeam "Oslo Trolls"]
[WhiteFideId "325511"]
[BlackFideId "1506102"]
[EventDate "2018.01.18"]

1. c4 Nf6 2. Nc3 e6 3. e4 c5 4. e5 Ng8 5. f4 Nc6 6. Nf3 d6 7. d4 cxd4 8. Nxd4
dxe5 9. Nxc6 Qxd1+ 10. Kxd1 bxc6 11. fxe5 Bb7 12. Kc2 Ne7 13. Ne4 Ng6 14. Nd6+
Bxd6 15. exd6 c5 16. Be3 Rc8 17. h4 Kd7 18. h5 Ne5 19. Bf4 Nc6 20. Rd1 e5 21.
Bh2 f6 22. Kc3 Nd4 23. a3 a5 24. b4 axb4+ 25. axb4 Kxd6 26. bxc5+ Kxc5 27. Bg1
Ra8 28. Rxd4 exd4+ 29. Bxd4+ Kd6 30. h6 g6 31. c5+ Ke7 32. Bb5 Rhd8 33. Re1+ Kf7
34. Bc4+ Bd5 35. Bb5 Bxg2 36. Kc4 Rab8 37. c6 Rxd4+ 38. Kxd4 Rxb5 39. c7 Bh3 40.
Rc1 Bc8 41. Kc4 Re5 42. Kb4 g5 43. Rd1 Re7 0-1

[Event "PRO League Group Stage"]
[Site "chess.com INT"]
[Date "2018.03.07"]
[Round "9"]
[White "Zwardon, Vojtech"]
[Black "Haug, Johannes"]
[Result "1-0"]
[WhiteTitle "IM"]
[BlackTitle "FM"]
[WhiteElo "2412"]
[BlackElo "2357"]
[WhiteTeam "Riga Magicians"]
[BlackTeam "Oslo Trolls"]
[WhiteFideId "325511"]
[BlackFideId "1509268"]
[EventDate "2018.01.18"]

1. c4 e5 2. g3 Bc5 3. Bg2 d6 4. Nf3 a6 5. O-O Ba7 6. d4 exd4 7. Nxd4 Ne7 8. Nc3
Nbc6 9. Nxc6 Nxc6 10. b3 O-O 11. Bb2 Bd4 12. e3 Bf6 13. Qd2 Bd7 14. h3 Rb8 15.
Rac1 h5 16. Kh2 Ne7 17. Rfd1 Bc6 18. Nd5 Bxb2 19. Qxb2 Bd7 20. c5 Nc8 21. cxd6
cxd6 22. Nf4 h4 23. g4 Be6 24. Qc3 Qg5 25. Qc7 Ra8 26. Qxb7 Ra7 27. Qb8 Qe5 28.
Kg1 Re7 29. Nxe6 Qxe6 30. Rc4 Ree8 31. Bd5 Qe7 32. Rdc1 Na7 33. Qb6 Nb5 34. Qxa6
Rb8 35. a4 Na3 36. Re4 Qf6 37. Rc7 Kh8 38. Qd3 Qg6 39. Kg2 Rb6 40. Rxf7 Rfb8 41.
Re8+ Kh7 42. Be4 1-0

[Event "PRO League Group Stage"]
[Site "chess.com INT"]
[Date "2018.03.07"]
[Round "9"]
[White "Nakamura, Hikaru"]
[Black "Bai, Jinshi"]
[Result "1-0"]
[WhiteTitle "GM"]
[BlackTitle "GM"]
[WhiteElo "2781"]
[BlackElo "2571"]
[WhiteTeam "Seattle Sluggers"]
[BlackTeam "Chengdu Pandas"]
[WhiteFideId "2016192"]
[BlackFideId "8602280"]
[EventDate "2018.01.18"]

1. d4 Nf6 2. Bf4 d5 3. e3 c5 4. c3 Nc6 5. Bd3 Qb6 6. Qc1 Bg4 7. Nd2 e6 8. Ngf3
Be7 9. O-O O-O 10. Qb1 Bh5 11. Ne5 Rac8 12. Bg5 Qc7 13. Nxc6 bxc6 14. Bxf6 gxf6
15. Bxh7+ Kg7 16. Bd3 Rh8 17. f4 cxd4 18. exd4 c5 19. Qe1 Qb6 20. dxc5 Bxc5+ 21.
Kh1 Qxb2 22. Nb3 Bb6 23. Qg3+ Bg6 24. Nd4 Bxd4 25. cxd4 Qxd4 26. Bxg6 fxg6 27.
Rab1 Rc7 28. f5 1-0

[Event "PRO League Group Stage"]
[Site "chess.com INT"]
[Date "2018.03.07"]
[Round "9"]
[White "Nakamura, Hikaru"]
[Black "Xu, Xiangyu"]
[Result "1-0"]
[WhiteTitle "GM"]
[BlackTitle "GM"]
[WhiteElo "2781"]
[BlackElo "2545"]
[WhiteTeam "Seattle Sluggers"]
[BlackTeam "Chengdu Pandas"]
[WhiteFideId "2016192"]
[BlackFideId "8608288"]
[EventDate "2018.01.18"]

1. d4 d5 2. Nc3 Bf5 3. Bf4 e6 4. e3 Bd6 5. Bg3 Nf6 6. Bd3 Nc6 7. Bxf5 exf5 8.
Bh4 Be7 9. Bxf6 Bxf6 10. Qf3 Ne7 11. O-O-O Qd6 12. Nge2 O-O-O 13. Nf4 g6 14. Kb1
h5 15. Nd3 Kb8 16. Na4 Nc8 17. b3 Qe7 18. Rc1 c6 19. c4 dxc4 20. Rxc4 Nd6 21.
Rcc1 Ne4 22. Rhd1 Rd5 23. Qe2 Rhd8 24. Qc2 Ra5 25. Nac5 Nxc5 26. Nxc5 Rd5 27. a4
Raxc5 28. dxc5 Qe5 29. Rd4 Rxd4 30. exd4 Qxd4 31. Ka2 a5 32. Rd1 Qb4 33. Qd2
Qxc5 34. Qd6+ Qxd6 35. Rxd6 Be5 36. Rd7 Bxh2 37. Rxf7 Bg1 38. f3 Be3 39. Rf6 g5
40. Rxf5 b6 41. Rf7 Kc8 42. Kb1 h4 43. Kc2 Bf4 44. Kd3 Bg3 45. Ke4 Bh2 46. Rg7
Bf4 47. Kf5 Kb8 48. Rh7 Kc8 49. Ke6 Bg3 50. Rf7 Bf4 51. Rg7 Kb8 52. Kd7 Kb7 53.
Rg6 c5 54. Rg7 Be3 55. Kd6+ Ka6 56. Kc6 1-0

[Event "PRO League Group Stage"]
[Site "chess.com INT"]
[Date "2018.03.07"]
[Round "9"]
[White "Dreev, Aleksey"]
[Black "Naroditsky, Daniel"]
[Result "1/2-1/2"]
[WhiteTitle "GM"]
[BlackTitle "GM"]
[WhiteElo "2653"]
[BlackElo "2619"]
[WhiteTeam "San Diego Surfers"]
[BlackTeam "San Jose Hackers"]
[WhiteFideId "4100107"]
[BlackFideId "2026961"]
[EventDate "2018.01.18"]

1. d4 Nf6 2. Nf3 g6 3. g3 Bg7 4. Bg2 O-O 5. O-O d6 6. b3 c6 7. Bb2 Qa5 8. Nbd2
Qh5 9. e4 Bg4 10. Re1 Nbd7 11. Qe2 e5 12. Qf1 exd4 13. h3 Bxf3 14. Nxf3 c5 15.
g4 Nxg4 16. hxg4 Qxg4 17. Nh2 Qh4 18. Qd3 Ne5 19. Qh3 Qxh3 20. Bxh3 Rfe8 21. Kg2
Re7 22. Rad1 Rae8 23. Bc1 Nc6 24. Bf4 Be5 25. Bg5 f6 26. Bd2 Bxh2 27. Kxh2 Rxe4
28. Bg2 Rxe1 29. Rxe1 Rxe1 30. Bxe1 Kf7 31. Bd5+ Ke7 32. f4 Kd7 33. a3 b5 34. f5
gxf5 35. Kg3 Ne5 36. Bd2 Ng6 37. Bg8 Ne7 38. Bf7 Ng6 39. Bh6 c4 40. Bg8 Ne7 41.
Bf7 Ng6 42. bxc4 Ne5 43. Bg8 bxc4 44. Bxh7 c3 45. Bxf5+ Kc6 46. Kf2 Nc4 47. a4
Nb2 48. a5 Kb5 49. Ke2 Kxa5 50. Bf8 Kb5 51. Bxd6 a5 52. Be7 a4 53. Bd7+ Kc4 54.
Be6+ Kb5 55. Bxf6 Kc5 56. Be7+ Kc6 57. Ba3 Kb5 58. Bf7 Ka5 59. Ba2 Kb5 60. Bd5
Ka5 61. Be6 Kb5 62. Bf7 Ka5 63. Bc5 d3+ 64. cxd3 c2 65. Kd2 c1=Q+ 66. Kxc1 Nxd3+
67. Kc2 Nxc5 68. Kc3 Ne4+ 69. Kb2 Kb4 70. Bg8 Nd6 71. Ka2 Nb5 72. Kb2 Nc3 73.
Bf7 Ne4 74. Bg8 Nd6 75. Be6 Nb5 76. Bg8 a3+ 77. Ka1 Nd4 78. Bf7 Nf5 79. Bg8 Nd6
80. Be6 Nb5 81. Bg8 Nd4 82. Bf7 Nc2+ 83. Ka2 Nd4 84. Bg8 Nb5 85. Bf7 Nd6 86. Be6
Ka4 87. Bd7+ Kb4 88. Be6 Ne4 89. Bg8 Nc3+ 90. Ka1 Kc5 91. Bf7 Kd6 92. Bg8 Ke7
93. Bc4 1/2-1/2

[Event "PRO League Group Stage"]
[Site "chess.com INT"]
[Date "2018.03.07"]
[Round "9"]
[White "Dreev, Aleksey"]
[Black "Izoria, Zviad"]
[Result "1/2-1/2"]
[WhiteTitle "GM"]
[BlackTitle "GM"]
[WhiteElo "2653"]
[BlackElo "2599"]
[WhiteTeam "San Diego Surfers"]
[BlackTeam "San Jose Hackers"]
[WhiteFideId "4100107"]
[BlackFideId "13601733"]
[EventDate "2018.01.18"]

1. d4 Nf6 2. Nf3 g6 3. g3 Bg7 4. Bg2 O-O 5. O-O d6 6. b3 b6 7. Nfd2 d5 8. c4 Bb7
9. Bb2 e6 10. Nc3 Na6 11. e3 c5 12. dxc5 Nxc5 13. Qe2 d4 14. exd4 Bxg2 15. Kxg2
Qxd4 16. Nf3 Qd3 17. Rad1 Qxe2 18. Nxe2 Rfd8 19. Be5 Nfe4 20. Bc7 Rdc8 21. Be5
Rd8 22. Bc7 Rdc8 23. Be5 1/2-1/2

[Event "PRO League Group Stage"]
[Site "chess.com INT"]
[Date "2018.03.07"]
[Round "9"]
[White "Iturrizaga Bonelli, Eduardo"]
[Black "Brattain, Mika"]
[Result "1/2-1/2"]
[WhiteTitle "GM"]
[WhiteElo "2650"]
[BlackElo "2404"]
[WhiteTeam "Miami Champions"]
[BlackTeam "Pittsburgh Pawngrabbers"]
[WhiteFideId "3901211"]
[BlackFideId "2071142"]
[EventDate "2018.01.18"]

1. Nf3 Nf6 2. c4 g6 3. Nc3 Bg7 4. e4 d6 5. d4 O-O 6. Be2 e5 7. O-O Nbd7 8. Be3
Re8 9. d5 Nh5 10. g3 Bf8 11. Ne1 Ng7 12. Nd3 f5 13. f3 Be7 14. Qd2 Nf6 15. Nf2
Ngh5 16. Kh1 f4 17. gxf4 Nxf4 18. Bxf4 exf4 19. Qxf4 Nh5 20. Qd2 Bg5 21. Qe1 Nf4
22. Nd3 Qf6 23. Nxf4 Bxf4 24. Bd3 Bh3 25. Rf2 g5 26. Qg1 Be3 27. Qg3 Bxf2 28.
Qxh3 h6 29. Rf1 Bd4 30. Ne2 Be5 31. c5 dxc5 32. Bb5 Re7 33. Bd7 Kg7 34. Bf5 Bd6
35. Qh5 Re5 36. Nf4 Rxf5 37. Ne6+ Kh7 38. exf5 Qxf5 39. Qg4 Qxg4 40. fxg4 Kg6
41. Kg2 Re8 42. Kf3 Bxh2 43. Ke4 Bf4 44. Kd3 c6 45. Re1 Kf6 46. Rh1 cxd5 47.
Rxh6+ Ke7 48. Nxc5 b6 49. Ne6 Be5 50. Nxg5 Bxb2 51. Ne6 Rg8 52. Nc7 Rxg4 53.
Nxd5+ Kd7 54. Ne3 Ra4 55. Kc2 Be5 56. Kb3 Re4 57. Nd5 Rd4 58. Nb4 a5 59. Nc6 Rd5
60. a4 Bd6 61. Na7 Rd3+ 62. Kc4 Rd1 63. Rh7+ Ke6 64. Rh6+ Kd7 65. Rh7+ Ke6 66.
Kb5 Bc5 67. Rh6+ Kd7 68. Nc6 Rb1+ 69. Ka6 Ra1 70. Kb5 Rb1+ 71. Ka6 Ra1 72. Ne5+
Kc7 73. Rh4 Rb1 74. Nd3 Kc6 75. Rh6+ Kd5 76. Rh5+ Kd4 77. Nxc5 bxc5 78. Kxa5 c4
79. Rh4+ Kd3 80. Rh3+ Kc2 81. Ka6 c3 82. a5 Rb4 83. Ka7 Kb2 84. a6 c2 85. Rh2
Kb1 86. Rh1+ c1=Q 87. Rxc1+ Kxc1 88. Ka8 Kb2 89. a7 Ka3 1/2-1/2

[Event "PRO League Group Stage"]
[Site "chess.com INT"]
[Date "2018.03.07"]
[Round "9"]
[White "Iturrizaga Bonelli, Eduardo"]
[Black "Heimann, Mark"]
[Result "1-0"]
[WhiteTitle "GM"]
[BlackTitle "FM"]
[WhiteElo "2650"]
[BlackElo "2363"]
[WhiteTeam "Miami Champions"]
[BlackTeam "Pittsburgh Pawngrabbers"]
[WhiteFideId "3901211"]
[BlackFideId "2028441"]
[EventDate "2018.01.18"]

1. Nf3 Nf6 2. c4 e6 3. g3 a6 4. Bg2 b5 5. Na3 Bxa3 6. bxa3 bxc4 7. Qa4 Bb7 8.
Qxc4 O-O 9. O-O d6 10. Rb1 Bd5 11. Qc2 c5 12. d3 e5 13. Bg5 Nc6 14. Bxf6 Qxf6
15. e4 Be6 16. Rb6 Rfc8 17. Qa4 Bd7 18. Rfb1 Qd8 19. Nd2 Nd4 20. Qa5 Bb5 21. Nc4
Nc6 22. Qd2 Rab8 23. Rxb8 Rxb8 24. Ne3 Ba4 25. Rb2 Nd4 26. Nd5 Bc6 27. Qa5 Bxd5
28. exd5 Kf8 29. Rxb8 Qxb8 30. h4 Qc8 31. Qb6 Ke7 32. a4 Ne2+ 33. Kf1 Nc3 34.
Qb3 Qg4 35. Qxc3 Qd1+ 36. Qe1 Qxa4 37. Qd2 1-0

[Event "PRO League Group Stage"]
[Site "chess.com INT"]
[Date "2018.03.07"]
[Round "9"]
[White "Izoria, Zviad"]
[Black "Sheng, Joshua"]
[Result "1/2-1/2"]
[WhiteTitle "GM"]
[BlackTitle "IM"]
[WhiteElo "2599"]
[BlackElo "2392"]
[WhiteTeam "San Jose Hackers"]
[BlackTeam "San Diego Surfers"]
[WhiteFideId "13601733"]
[BlackFideId "2057360"]
[EventDate "2018.01.18"]

1. c4 Nf6 2. Nc3 c5 3. g3 e6 4. Nf3 Nc6 5. Bg2 d5 6. cxd5 exd5 7. d4 Be7 8. O-O
O-O 9. Be3 c4 10. Ne5 Be6 11. Nxc4 dxc4 12. d5 Nxd5 13. Nxd5 Rc8 14. Rc1 b5 15.
a4 Bxd5 16. Bxd5 a6 17. Be4 Bf6 18. Qc2 g6 19. Rfd1 Qe7 20. Bxc6 Rxc6 21. axb5
axb5 22. Rd5 b4 23. Bd4 Qe6 24. e4 b3 25. Qe2 Re8 26. Rxc4 Rxc4 27. Qxc4 Qxe4
28. Rd7 Qe1+ 29. Kg2 Qe4+ 30. Kg1 Qe1+ 31. Kg2 Qe4+ 1/2-1/2

[Event "PRO League Group Stage"]
[Site "chess.com INT"]
[Date "2018.03.07"]
[Round "9"]
[White "Izoria, Zviad"]
[Black "Brown, Michael William"]
[Result "1/2-1/2"]
[WhiteTitle "GM"]
[BlackTitle "IM"]
[WhiteElo "2599"]
[BlackElo "2506"]
[WhiteTeam "San Jose Hackers"]
[BlackTeam "San Diego Surfers"]
[WhiteFideId "13601733"]
[BlackFideId "2037602"]
[EventDate "2018.01.18"]

1. Nf3 d5 2. e3 Nf6 3. c4 e6 4. b3 Be7 5. Bb2 O-O 6. Be2 c5 7. O-O Nc6 8. cxd5
Nxd5 9. a3 b6 10. d3 Bb7 11. Nbd2 Bf6 12. Qc2 Rc8 13. Rfc1 h6 14. Ne4 Bxb2 15.
Qxb2 Qe7 16. h3 Rfd8 17. Rc2 Rc7 18. Rac1 Rdc8 19. Ne5 f6 20. Nxc6 Bxc6 21. Bf3
Qd7 22. d4 cxd4 23. Qxd4 Bb7 24. Qd2 Rxc2 25. Rxc2 Rxc2 26. Qxc2 Ne7 27. b4 Bd5
28. Be2 Qb7 29. Nd6 Qd7 30. Nb5 e5 31. Qc7 Qxc7 32. Nxc7 Bf7 33. Nb5 Nc8 34. Bg4
Bc4 35. Bxc8 Bxb5 36. f4 Kf7 37. fxe5 fxe5 38. Kf2 Bc6 39. h4 g5 40. hxg5 hxg5
41. Bf5 Kf6 42. e4 Be8 43. Ke3 Ke7 44. Kd3 Bf7 45. Kc3 Kd6 46. g3 Bg8 47. Kd3
Bf7 48. Kc3 Bg8 49. Kd3 Bf7 50. Kc3 Bg8 1/2-1/2

[Event "PRO League Group Stage"]
[Site "chess.com INT"]
[Date "2018.03.07"]
[Round "9"]
[White "Smeets, Jan"]
[Black "Olafsson, Helgi"]
[Result "1/2-1/2"]
[WhiteTitle "GM"]
[BlackTitle "GM"]
[WhiteElo "2608"]
[BlackElo "2508"]
[WhiteTeam "Amsterdam Mosquitoes"]
[BlackTeam "Reykjavik Puffins"]
[WhiteFideId "1007246"]
[BlackFideId "2300010"]
[EventDate "2018.01.18"]

1. e4 e5 2. Nf3 Nc6 3. Bb5 a6 4. Ba4 Nf6 5. O-O Be7 6. Re1 b5 7. Bb3 O-O 8. d3
Bb7 9. Nc3 d6 10. a3 Na5 11. Ba2 c5 12. b4 Nc6 13. Nd5 Nxd5 14. Bxd5 Qd7 15. c3
Kh8 16. Be3 f5 17. exf5 Qxf5 18. c4 Rab8 19. Rb1 bxc4 20. bxc5 cxd3 21. Rxb7
Rxb7 22. Bxc6 Rb2 23. cxd6 Bxd6 24. Qa4 d2 25. Rd1 Qd3 26. Nxd2 Rc8 27. g3 Qc2
28. Qxc2 Rxc2 29. Bb7 Rc1 30. Rxc1 Rxc1+ 31. Kg2 a5 32. a4 Bb4 33. Ne4 Rc2 34.
Bd5 h6 35. h4 Kh7 36. Kf3 g6 37. Nf6+ Kg7 38. Ng4 h5 39. Nxe5 Bc5 40. Be4 Rc3
41. Kf4 Bxe3+ 42. fxe3 Ra3 43. Bc6 Kf6 44. Nf3 Rc3 45. Bb5 Rb3 46. Nd4 Rb2 47.
Nc6 Rf2+ 48. Ke4 g5 49. hxg5+ Kxg5 50. Nxa5 Kg4 51. Nc4 Kxg3 52. a5 h4 53. Kd4
h3 54. a6 h2 55. Bc6 Rf6 56. Bb7 Rxa6 57. Nd2 Ra4+ 58. Kd3 Kf2 59. Ne4+ Kg1 60.
Ng3 Rg4 61. Nh1 Rg2 62. Bxg2 Kxg2 63. Ke2 Kxh1 64. Kf1 1/2-1/2

[Event "PRO League Group Stage"]
[Site "chess.com INT"]
[Date "2018.03.07"]
[Round "9"]
[White "Smeets, Jan"]
[Black "Kjartansson, David"]
[Result "1-0"]
[WhiteTitle "GM"]
[BlackTitle "FM"]
[WhiteElo "2608"]
[BlackElo "2409"]
[WhiteTeam "Amsterdam Mosquitoes"]
[BlackTeam "Reykjavik Puffins"]
[WhiteFideId "1007246"]
[BlackFideId "2301130"]
[EventDate "2018.01.18"]

1. e4 e6 2. d4 d5 3. e5 c5 4. c3 Nc6 5. Nf3 Bd7 6. Be2 f6 7. O-O Qc7 8. Bf4
O-O-O 9. Bg3 Qb6 10. Qd2 Nge7 11. dxc5 Qxc5 12. b4 Qb6 13. Bd3 Nxe5 14. Nxe5
fxe5 15. Bxe5 Nc6 16. Bg3 Be7 17. a4 Rdf8 18. a5 Qd8 19. b5 Nxa5 20. c4 b6 21.
Rc1 Bg5 22. f4 Bh4 23. cxd5+ Kb8 24. Qb4 Bxg3 25. Qd6+ Ka8 26. hxg3 Bc8 27.
Rxc8+ Qxc8 28. dxe6 Rd8 29. Be4+ Nb7 30. Qa3 Qc5+ 31. Qxc5 bxc5 32. b6 Rd1+ 33.
Kf2 a6 34. Rxa6+ Kb8 35. Ra7 Nd6 36. Ra8# 1-0

[Event "PRO League Group Stage"]
[Site "chess.com INT"]
[Date "2018.03.07"]
[Round "9"]
[White "Skuhala, Jernej"]
[Black "Le Roux, Jean-Pierre"]
[Result "0-1"]
[WhiteTitle "FM"]
[BlackTitle "GM"]
[WhiteElo "2294"]
[BlackElo "2554"]
[WhiteTeam "Ljubljana Turtles"]
[BlackTeam "London Lions"]
[WhiteFideId "14605651"]
[BlackFideId "609404"]
[EventDate "2018.01.18"]

1. e4 g6 2. d4 Bg7 3. f4 c5 4. Nf3 cxd4 5. Nxd4 Nc6 6. Nb3 d6 7. Nc3 Nf6 8. h3
O-O 9. Be3 a6 10. a4 e5 11. Bd3 exf4 12. Bxf4 Nh5 13. O-O Nxf4 14. Rxf4 Qg5 15.
Rf3 Ne5 16. Nd5 Nxf3+ 17. Qxf3 Be6 18. c3 Bxd5 19. exd5 Rae8 20. Kf2 Re7 21. Re1
Rfe8 22. Rxe7 Rxe7 23. Bc2 Qh4+ 0-1